000
00316nam a22001337a 4500
008
210518b ||||| |||| 00| 0 eng d
041
_a
eng
080
_a
53
082
_a
53
100
_a
43
101
_a
FIZ
245
_a
The Wonders of Physics An Introduction to the Physical World
_c
Adler,I
942
_2
udc
_c
BK
999
_c
57424
_d
57424